Top 30 erfolgreichste Horrorfilme - Statistiken

Allgemein
  • Dieses Quiz wurde 204 mal gespielt
    28 seit der letzten Aktualisierung
  • Das Durchschnittsergebnis liegt bei 12 aus 30
Antwortstatistiken
Bildquiz Hint Antwort % Korrekt
3.170.231 (2017) Es
92%
1.906.720 (2019) Es - Kapitel 2
92%
4.049.297 (1991) Das Schweigen der Lämmer
72%
2.022.832 (1980) Shining
72%
5.291.000 (1974) Der Exorzist
68%
7.000.000 (1975) Der weiße Hai
68%
3.755.000 (1960) Psycho
68%
3.428.164 (2000) Scary Movie
64%
2.342.082 (2004) Scary Movie 3
64%
1.964.998 (1979) Alien
60%
1.911.265 (1997) Alien – Die Wiedergeburt
60%
2.578.005 (1990) Gremlins 2 - Die Rückkehr der kleinen Monster
56%
3.143.289 (1984) Gremlins - Kleine Monster
56%
2.196.897 (2011) Black Swan
48%
2.001.916 (1998) Blade
48%
2.126.234 (1993) Bram Stoker's Dracula
40%
2.750.000 (1977) The Rocky Horror Picture Show
36%
2.325.216 (2004) Van Helsing
36%
3.110.316 (2001) Hannibal
32%
2.442.162 (2007) I Am Legend
32%
2.492.360 (2002) Signs – Zeichen
20%
3.150.000 (1979) Zombie
20%
1.853.626 (1990) Flatliners
8%
1.879.587 (2000) Hollow Man
8%
2.017.770 (2000) Anatomie
0%
2.371.000 (1958) Der Dämon mit den blutigen Händen
0%
4.100.000 (1975) Frankenstein Junior
0%
2.588.000 (1966) Onibaba - Die Töterinnen
0%
1.855.656 (2000) Schatten der Wahrheit
0%
2.001.000 (1971) Willard
0%
Keine übereinstimmenden Quizze gefunden
Verteilung der Resultate
Anzahl Personen mit jedem Resultat
Perzentil nach korrekt beantworteten Fragen
Ihre Resultats-Entwicklung
Sie haben dieses Quiz seit der letzten Aktualisierung nicht gespielt